MARC details
| 000 -CABECERA |
| campo de control de longitud fija |
02948nam a2200313 i 4500 |
| 003 - IDENTIFICADOR DEL NÚMERO DE CONTROL |
| campo de control |
DO-SdBNP |
| 005 - FECHA Y HORA DE LA ÚLTIMA TRANSACCIÓN |
| campo de control |
20250917125807.0 |
| 007 - CAMPO FIJO DE DESCRIPCIÓN FÍSICA--INFORMACIÓN GENERAL |
| campo de control de longitud fija |
ta |
| 008 - DATOS DE LONGITUD FIJA--INFORMACIÓN GENERAL |
| campo de control de longitud fija |
240213s2023 dr co 000 j spa d |
| 020 ## - NÚMERO INTERNACIONAL ESTÁNDAR DEL LIBRO |
| Número Internacional Estándar del Libro |
9789945643817 |
| 040 ## - FUENTE DE LA CATALOGACIÓN |
| Centro catalogador/agencia de origen |
DO-SdBNP |
| Lengua de catalogación |
spa |
| Centro/agencia transcriptor |
BNPHU |
| Normas de descripción |
rda |
| 082 ## - NÚMERO DE LA CLASIFICACIÓN DECIMAL DEWEY |
| Número de documento/Ítem |
T822j |
| Número de edición |
22 |
| 110 1# - ENTRADA PRINCIPAL--NOMBRE DE ENTIDAD CORPORATIVA |
| Nombre de entidad corporativa o nombre de jurisdicción como elemento de entrada |
República Dominicana. |
| 9 (RLIN) |
82598 |
| Unidad subordinada |
Tribunal Constitucional. |
| 245 10 - MENCIÓN DE TÍTULO |
| Título |
Juezas de las altas cortes : |
| Resto del título |
de la República Dominicana, sus historias / |
| Mención de responsabilidad, etc. |
comisión Alba Luisa Beard Marcos, Manuel Ulises Bonnelly Vega, María del Carmen Santana de Cabrera, José Alejandro Vargas Guerrero, Eunisis Vásquez Acosta |
| 264 #1 - PRODUCCIÓN, PUBLICACIÓN, DISTRIBUCIÓN, FABRICACIÓN Y COPYRIGHT |
| Producción, publicación, distribución, fabricación y copyright |
Santo Domingo : |
| Nombre del de productor, editor, distribuidor, fabricante |
Tribunal Constitucional, |
| Fecha de producción, publicación, distribución, fabricación o copyright |
2023. |
| 300 ## - DESCRIPCIÓN FÍSICA |
| Extensión |
129 páginas, |
| Otras características físicas |
retratos, fotografías |
| Dimensiones |
29 cm. |
| 336 ## - TIPO DE CONTENIDO |
| Fuente |
rdacontent |
| Término de tipo de contenido |
texto |
| Código de tipo de contenido |
txt |
| 337 ## - TIPO DE MEDIO |
| Fuente |
rdamedia |
| Nombre/término del tipo de medio |
sin mediación |
| Código del tipo de medio |
n |
| 338 ## - TIPO DE SOPORTE |
| Fuente |
rdacarrier |
| Nombre/término del tipo de soporte |
volumen |
| Código del tipo de soporte |
nc |
| 505 0# - NOTA DE CONTENIDO CON FORMATO |
| Título |
Palabras de presentación del magistrado presidente Dr. Milton Ray Guevara -- |
| -- |
Introducción mag. Alba Luisa Beard Marcos -- |
| -- |
Galería juezas de las altas cortes y procuradoras generales -- |
| -- |
Juezas de las altas cortes y procuradoras generales de la República Dominicana -- |
| Información miscelánea |
Jueza de la Corte Penal Internacional, con sede en la Haya, Países Bajos -- |
| Título |
Olga Venecia Herrera Carbuccia -- |
| -- |
Jueza de la Corte Interamericana de Derecho Humanos de la Organización de los Estados Americanos (OEA) -- |
| -- |
Rhadys Abreu de Polanco -- |
| Información miscelánea |
Juezas de la Junta Central Electoral (JCE) -- |
| Título |
Olga Altagracia Seijas Herrero (†) -- |
| -- |
Aura Celeste Fernández Rodríguez -- |
| -- |
Ana Teresa Pérez Báez -- |
| Información miscelánea |
Juezas de la Suprema Corte de Justicia (SCJ) -- |
| Título |
Margarita A. Tavares (†) -- |
| -- |
Ana Rosa Bergés Dreyfous (†) -- |
| -- |
Enilda Reyes Pérez -- |
| -- |
Eglys Margarita Esmurdoc -- |
| -- |
Dulce María Rodríguez Blanco -- |
| -- |
Martha Olga García Santamaría (†) -- |
| -- |
Sara Henríquez Marín -- |
| -- |
Esther Elisa Agelán Casanovas -- |
| -- |
Pilar Jiménez Ortíz -- |
| -- |
Nancy I. Salcedo Fernández -- |
| -- |
Vanessa Elizabeth Acosta Peralta -- |
| -- |
María Garabito Ramírez -- |
| Información miscelánea |
Juezas del Tribunal Constitucional (TC) -- |
| Título |
Leyda Margarita Piña Medrano -- |
| -- |
Katia Miguelina Jiménez Martínez -- |
| -- |
Ana Isabel Bonilla Hernández -- |
| -- |
Alba Luisa Beard Marcos -- |
| -- |
Eunisis Vásquez Acosta -- |
| -- |
María del Carmen Santana de Cabrera -- |
| Información miscelánea |
Juezas del Tribunal Superior Electoral (TSE) -- |
| Título |
Mabel Ybelca Féliz Báez -- |
| -- |
Rafaelina Peralta Arias -- |
| -- |
Cristian Perdomo Hernández -- |
| -- |
Rosa Pérez de García -- |
| -- |
Hermenegilda del Rosario Fondeur Ramírez -- |
| Información miscelánea |
Procuradoras Generales de la República Dominicana -- |
| Título |
Pura Luz Núñez -- |
| -- |
Carmen Semíramis Olivo de Pichardo -- |
| -- |
Míriam Germán Brito / |
| 590 ## - NOTA LOCAL (RLIN) |
| Nota local |
Inventariado, 2024/ YL |
| 700 1# - PUNTO DE ACCESO ADICIONAL--NOMBRE DE PERSONA |
| Nombre de persona |
Beard Marcos, Alba Luisa |
| Término indicativo de función/relación |
comisión |
| 9 (RLIN) |
84886 |
| 700 1# - PUNTO DE ACCESO ADICIONAL--NOMBRE DE PERSONA |
| Nombre de persona |
Bonnelly Vega, Manuel Ulises |
| 9 (RLIN) |
84887 |
| 700 1# - PUNTO DE ACCESO ADICIONAL--NOMBRE DE PERSONA |
| Nombre de persona |
Santana de Cabrera, María del Carmen |
| 9 (RLIN) |
84888 |
| 700 1# - PUNTO DE ACCESO ADICIONAL--NOMBRE DE PERSONA |
| Nombre de persona |
Vargas Guerrero, José alejandro |
| 9 (RLIN) |
84889 |
| 700 1# - PUNTO DE ACCESO ADICIONAL--NOMBRE DE PERSONA |
| Nombre de persona |
Vásquez Acosta, Eunisis |
| 9 (RLIN) |
84890 |
| 910 ## - DATOS DE OPCIÓN DEL USUARIO (OCLC) |
| Datos de opción del usuario |
YLockward |
| 942 ## - ELEMENTOS DE PUNTO DE ACCESO ADICIONAL (KOHA) |
| Fuente del sistema de clasificación o colocación |
Dewey Decimal Classification |
| Tipo de ítem Koha |
Libro |